Normal view MARC view
  • Grimm, Wilhelm,

Entry Nombre Personal

Number of records used in: 16

001 - NUMERO DE CONTROL

  • campo de control: 32345

003 - IDENTIFICADOR DE NUMERO DE CONTROL

  • campo de control: UPN

005 - FECHA Y HORA DE LA ÜLTIMA TRANSACCIÓN

  • campo de control: 20210219194432.0

008 - DATOS DE LONGITUD FIJA

  • campo de control de longitud fija: nabaccnnaabn|||||||||| b |nc|||||d

035 ## - NUMERO DE CONTROL

  • Número de control: UPN11000004452

040 ## - FUENTE DE CATALOGACIÓN

  • Lenguaje de catalogación: SPA
  • Agencia de transcripción: UPN

100 1# - ENCABEZAMIENTO - NOMBRE PERSONAL

  • Nombre personal: Grimm, Wilhelm,
  • Fechas asociadas con el nombre: 1786-1859

400 1# - VEÁSE - NOMBRE DE PERSONA

  • Personal name: Grimm, Wilhelm Carl,
  • Dates associated with a name: 1786-1859

670 ## - FUENTE EN LA QUE SE LOCALIZARON DATOS

  • Cita de la fuente: T
  • Información localizada: Salvat universal

680 ## - NOTA PUBLICA DE ACCESO PÚBLICO

  • Frase explicativa de la referencia: Escritor y filólogo alemán

902 ## - CATALOGADOR

  • Catalogador: CAA/100812